Fouriers system der sozialen reform / (Record no. 47658)

MARC details
000 -LEADER
campo de control de longitud fija 00887nam a2200241 i 4500
001 - NÚMERO DE CONTROL
campo de control 47658
003 - IDENTIFICADOR DE NÚMERO DE CONTROL
campo de control ES-MaACL
005 - FECHA Y HORA DE LA ÚLTIMA TRANSACCIÓN
campo de control 20230906161615.0
007 - CAMPO FIJO DE DESCRIPCIÓN FÍSICA--INFORMACIÓN GENERAL
campo de control de longitud fija t|
008 - DATOS DE LONGITUD FIJA--INFORMACIÓN GENERAL
campo de control de longitud fija 030512s1906 gw |||| | ger d
100 1# - ENTRADA PRINCIPAL--NOMBRE DE PERSONA
Nombre de persona Considerant, Víctor.
9 (RLIN) 40227
245 10 - MENCIÓN DEL TÍTULO
Título Fouriers system der sozialen reform /
Mención de responsabilidad, etc. von Viktor Considerant ; aus dem franzülischem übersetzt von Hugo Kaak ; mit einer einleitender ubhandlung: Fourier un der fourierismus von Georg Adler.
260 ## - PUBLICACIÓN, DISTRIBUCIÓN, ETC.
Lugar de publicación, distribución, etc. Leipzig :
Nombre del editor, distribuidor, etc. C.L. Hirschfeld,
Fecha de publicación, distribución, etc. 1906.
300 ## - DESCRIPCIÓN FÍSICA
Extensión 108 p. ;
Dimensiones 23 cm.
490 1# - MENCIÓN DE SERIE
Mención de serie Hauptwerke des sozialismus und sozialpolitik ;
Designación de volumen o secuencia 6
600 14 - PUNTO DE ACCESO ADICIONAL DE MATERIA--NOMBRE DE PERSONA
Nombre de persona Fourier, Charles.
9 (RLIN) 51964
650 #4 - PUNTO DE ACCESO ADICIONAL DE MATERIA--TÉRMINO DE MATERIA
Término de materia o nombre geográfico como elemento de entrada Fourierismo.
9 (RLIN) 149689
700 1# - ENTRADA AGREGADA--NOMBRE PERSONAL
Nombre de persona Adler, Georg.
9 (RLIN) 18446
700 1# - ENTRADA AGREGADA--NOMBRE PERSONAL
Nombre de persona Haak, Hugo.
9 (RLIN) 61346
830 0# - PUNTO DE ACCESO ADICIONAL DE SERIE-TÍTULO UNIFORME
Título uniforme Hauptwerke des sozialismus und sozialpolitik ;
Designación de volumen o secuencia 6
9 (RLIN) 182198
852 ## - LOCALIZACIÓN
Ubicación ES-MaACL
Número de control de estantería 1632-F-4
Holdings
Estatus retirado Estado de pérdida Estado de daño No para préstamo Colección Biblioteca de origen Biblioteca actual Ubicación en estantería Fecha de adquisición Fuente de adquisición Total de préstamos Signatura topográfica completa Código de barras Visto por última vez Precio de reemplazo Tipo de ítem Koha
        Colección de folletos Biblioteca del Ateneo de Madrid Biblioteca del Ateneo de Madrid Depósito folletos 17/01/2008     1632-F-4 1050142 23/02/2023 23/02/2023 Folleto